LEADER 02148nam0 22004333i 450 001 IEI0177149 005 20251003044200.0 010 $a8815083758 100 $a20011127d2001 ||||0itac50 ba 101 | $aita 102 $ait 181 1$6z01$ai $bxxxe 182 1$6z01$an 183 1$6z01$anc$2RDAcarrier 200 1 $aDall'Europa a quindici alla grande Europa$ela sfida istituzionale$ericerca della Fondazione Istituto Gramsci$fa cura di Sandro Guerrieri, Andrea Manzella e Fabio Sdogati 210 $aBologna$cIl Mulino$d[2001] 215 $a495 p.$d21 cm 225 | $aVerso la Costituzione europea 300 $aIn testa al front.: Fondazione Cassa di risparmio delle provincie lombarde 410 0$1001IEI0176970$12001 $aVerso la Costituzione europea 606 $aUNIONE EUROPEA$xINTEGRAZIONE$2FIR$3IEIC142671$9I 676 $a327.17094$9RELAZIONI INTERNAZIONALI. Cooperazione internazionale. Europa$v20 676 $a327.17094$9COOPERAZIONE INTERNAZIONALE. Europa$v21 676 $a341.242$9Diritto delle nazioni (Diritto internazionale) - Unione europea$v14 702 1$aManzella$b, Andrea$3CFIV015813 702 1$aSdogati$b, Fabio$3CFIV114024 702 1$aGuerrieri$b, Sandro$3IEIV023911 712 02$aFondazione Istituto Gramsci$3CFIV083184 712 02$aFondazione Cassa di risparmio delle provincie lombarde$3MILV217095 791 02$aFondazione Gramsci$3CFIV339066$zFondazione Istituto Gramsci 791 02$aIstituto Gramsci$3CFIV083846$yFondazione Istituto Gramsci 801 3$aIT$bIT-000000$c20011127 850 $aIT-BN0095 901 $bNAP 01$cPOZZO LIB.$nVi sono collocati fondi di economia, periodici di ingegneria e scienze, periodici di economia e statistica e altri fondi comprendenti documenti di economia pervenuti in dono. 912 $aIEI0177149 950 0$aBiblioteca Centralizzata di Ateneo$c1 v.$d 01POZZO LIB.ECON MON 1369$e 0101 0000000755E VMA 1 v. (22 cm. - Precedente collocazione: DASES B 41)$fB $h20070718$i20070718 977 $a 01 996 $aDall'Europa a quindici alla grande Europa$963696 997 $aUNISANNIO